Steve Jobs Quiz - Statistics

General Stats
  • This quiz has been taken 27 times
  • The average score is 4 of 15
Answer Stats
Hint Answer % Correct
total number of children? 4
82%
oldest daughters first name? lisa
59%
favorite state? california
50%
name of first computer? apple 1
45%
university he visited often? stanford
41%
favorite musical artist? bob dylan
23%
how did he die? pancreatic cancer
23%
what high school did he go to? homestead
18%
first name of adopted father? paul jobs
18%
first name of his first girlfriend? chrisann brennan
14%
shirt of choice? black turtleneck
9%
name of second wife? laurene powell
9%
title of daughter's memoir? small fry
9%
co founders of apple? name one steve wozniak, ronald wayne
9%
drugs of choice? ;) LSD, marijuana
5%
No matching quizzes found
Score Distribution
Percent of People with Each Score
Percentile by Number Answered
Your Score History
You have not taken this quiz